| 000 | 00846nam a22002417a 4500 | ||
|---|---|---|---|
| 999 |
_c4400 _d4400 |
||
| 003 | AR-CdUCM | ||
| 008 | 190308b ||||| |||| 00| 0 spa d | ||
| 040 |
_aMUNICIPALIDAD PROVINCIAL DEL CUSCO _cBIBLIOTECA MUNICIPAL DEL CUSCO |
||
| 082 |
_a711.5 / _bP48 |
||
| 100 |
_aPeters, Paulhans _913877 |
||
| 245 | _aNuevos Barrios Residenciales / | ||
| 260 |
_aBarcelona : _bGustavo Gili. |
||
| 300 |
_a103 páginas ; _bFotografías y planos _c27cm |
||
| 440 |
_aColección Temas de Aquitectura Actual _n1 _913878 |
||
| 505 | _aContenido: Barrio residencial -- Barrio 61 de Harlow -- Barrio de Ealing -- Proyecto de urbanización -- Aldea para ancianos... | ||
| 650 |
_aBarrios _913879 |
||
| 650 |
_aUrbanismo _94748 |
||
| 650 |
_aEdificación _913880 |
||
| 650 |
_aCasas _97156 |
||
| 650 |
_aAldea _913881 |
||
| 942 |
_2ddc _cLIBROS |
||
| 945 | _anom | ||